Resumen : pintores y pintura mexicana : Luis Ortiz Monasterio, Maximino Javier /

Colección divulgativa que ofrece introducciones generales a los protagonistas de la plástica y la arquitectura nacional (aunque el subtítulo remita únicamente a la pintura), con textos en lenguaje sencillo que perfilan al creador y reproducciones de algunas de sus obras.

Gorde:
Xehetasun bibliografikoak
Egile nagusia: Ortiz Monasterio, Luis (autor)
Beste egile batzuk: Javier, Maximino (autor) (autor), Lara Elizondo, Lupina (dirección y texto) (dirección y texto)
Formatua: Liburua
Hizkuntza:gaztelania
Gaiak:
Etiketak: Etiketa erantsi
Etiketarik gabe, Izan zaitez lehena erregistro honi etiketa jartzen!

MARC

LEADER 00000nam^a2200000^a^4500
001 000322961
005 20250521000000.0
008 120704 2007
009 20260310113626.308
020 |a 968-5005-97-4 
037 |a Acervo ITESO - Biblioteca 
041 |a ESP 
082 |a 709. 72  |b RES V. 87 
100 |a Ortiz Monasterio, Luis  |e (autor) 
240 1 1 |a [Resumen: pintores y pintura mexicana] 
245 1 0 |a Resumen :  |b pintores y pintura mexicana : Luis Ortiz Monasterio, Maximino Javier /  |c L. Ortiz Monasterio, M. Javier ; dir., ed. y texto de. L. Lara Elizondo. 
264 |a México :  |b Promoción de Arte Mexicano,  |c 2007 
300 |a 53 p. 
336 |a texto  |b txt  |2 rdacontenido 
337 |a sin mediación  |b n  |2 rdamedio 
338 |a volumen  |b nc  |2 rdasoporte 
520 |a Colección divulgativa que ofrece introducciones generales a los protagonistas de la plástica y la arquitectura nacional (aunque el subtítulo remita únicamente a la pintura), con textos en lenguaje sencillo que perfilan al creador y reproducciones de algunas de sus obras. 
545 0 |a Luis Ortiz Monasterio (Ciudad de México, 1906-1990), escultor. Estudió en la Academia de San Carlos (1921-1924) y fue profesor de la Escuela Nacional de Artes Plásticas de la UNAM (1939-1962). Empleó prácticamente todas las técnicas (talla directa, barro cocido, yeso, fundición) en su amplia producción, creada a lo largo de casi 70 años, que manifiesta un deseo de sintetizar las tradiciones escultóricas precolombinas con los legados egipcios y griego y una búsqueda formal constante. Fue y es reconocido principalmente por sus esculturas públicas, entre las que figuran El Esclavo (1936), Monumento a la madre (1948), Fuente monumental de Nezahualcóyotl (1955-56) –ubicada en el Bosque de Chapultepec- y diversas piezas de la Unidad Independencia del Instituto Mexicano del Seguro Social (1960). Abandonó esta vertiente hacia mediados de la década de 1960, para concentrarse en obras de dimensiones más pequeñas e íntimas, la enseñanza y proyectos culturales como la Academia de Artes, de la que fue uno de sus fundadores (1967-1968) y secretario (1973), y el Seminario de Cultura Mexicana, del que también fue uno de sus miembros originales (1942) y director (1969-1971). Galardonado con el Premio de Escultura de la SEP (1946) y el Premio Nacional de Ciencias y Artes en la categoría de Bellas Artes (1967), escribió el libro Escultura (1970) y las memorias póstumas El ropero de piedra (2006). 
649 |a XX 
650 |a Escultores Mexicanos 
650 |a Pintores Mexicanos 
650 |a Artistas Mexicanos 
650 |a Centro Cultural Muros 
650 |a Constructivismo -  |x Historia y Crítica 
650 |a Escultura Urbana -  |z México -  |x Historia y Crítica 
650 |a Escultura Urbana -  |x Historia y Crítica 
650 |a Escultura Moderna -  |z México -  |x Historia y Crítica 
650 |a Escultura Moderna -  |x Historia y Crítica 
650 |a Escultura Mexicana -  |x Historia y Crítica 
650 |a Escultura Mexicana -  |y Siglo XX 
650 |a Realismo Mágico -  |z México -  |x Historia y Crítica 
650 |a Realismo Mágico -  |x Historia y Crítica 
650 |a Pintura Moderna -  |z México -  |x Historia y Crítica 
650 |a Pintura Moderna -  |x Historia y Crítica 
650 |a Pintura Mexicana -  |x Historia y Crítica 
650 |a Pintura Mexicana -  |y Siglo XX 
650 |a Pintura Mexicana -  |y Siglo XXI 
650 |a Arte Moderno -  |z México -  |x Historia y Crítica 
650 |a Arte Moderno -  |x Historia y Crítica 
650 |a Arte Mexicano -  |x Historia y Crítica 
650 |a Arte Mexicano -  |y Siglo XX 
650 |a Arte Mexicano -  |y Siglo XXI 
650 |a Ortiz Monasterio, Luis -  |x Tema Principal 
650 |a Javier, Maximino -  |x Tema Principal 
740 0 |a Luis Ortiz Monasterio /  |c L. Ortiz Monasterio ; dir., ed. y texto de L. Lara Elizondo. 
740 0 |a Maximino Javier /  |c M. Javier ; dir., ed. y texto L. Lara Elizondo. 
700 |a Javier, Maximino  |e (autor) 
700 |a Lara Elizondo, Lupina  |e (dirección y texto) 
910 |a Fondo General 
920 |a Impresos - Libros 
930 |a Reserva Especial 
905 |a 103 
901 |a 0500210546  |b IT1  |c REE  |i C132063  |u 20250521 
902 |a https://opac.biblio.iteso.mx/vufind/Record/000322961